| 000 | 00512nam a2200181 i 4500 | ||
|---|---|---|---|
| 001 | 141992 | ||
| 003 | ES-MaACL | ||
| 005 | 20250623142536.0 | ||
| 007 | t| | ||
| 008 | 071001s1923 gw ||||1| ger d | ||
| 100 | 1 |
_aWaldmann, Emil. _9115899 |
|
| 245 | 1 | 0 |
_aAlbrecht Dürer... / _cvon E. Waldmann. |
| 260 |
_aLeipzig : _bInsel-Verl, _c[1923] |
||
| 300 |
_a141 p., 192 lám. ; _c23 cm. |
||
| 600 | 1 | 4 |
_aDürer, Albrecht, _d1471-1528 _9240966 |
| 852 |
_aES-MaACL _jB-9572 _bR.19132 |
||
| 999 |
_c141992 _d141992 |
||